000 00483nam a2200157Ia 4500
008 230907s9999||||xx |||||||||||||| ||und||
082 _a621.3
_bSHA
100 _aSharyar Ul Hassan (00000277184)
_9116652
245 0 _aOptimal Day-Ahead Scheduling for Campus Microgrid by Using MILP Approach /
260 _aUSPCAS-E, NUST,
_bIslamabad :
_c2021
300 _axiii, 42 p.
520 _aTH-322
650 _aMS-EEP Thesis
700 _aDr Abasin Ulasyar
_9117719
942 _cTHE
_2ddc
999 _c602000
_d602000